|
|
|
|
| LEADER |
00783cam a2200205u 4500 |
| 001 |
9314786 |
| 003 |
GR-PaULI |
| 005 |
20220915092610.0 |
| 008 |
840411s1884 fr 000 0 freo |
| 952 |
|
|
|0 0
|1 0
|2 ddc
|4 0
|6 843_800000000000000_DAU
|7 0
|9 220535
|a LISP
|b LISP
|c ADM
|d 2018-03-08
|i 14162
|l 0
|o 843.8 DAU
|p 025000286883
|r 2018-03-08 00:00:00
|t 1
|v 2018.00
|w 2018-03-08
|y BKN
|z Δωρεά Η. Κωνσταντόπουλου
|
| 999 |
|
|
|c 133327
|d 133327
|
| 040 |
|
|
|a DLC
|c CarP
|d DLC
|b gre
|e AACR2
|
| 082 |
|
|
|2 23
|a 843.8
|
| 100 |
|
|
|a Daudet, Alphonse,
|d 1840-1897
|e συγγραφέας.
|9 26744
|
| 245 |
1 |
0 |
|a Sapho :
|b moeurs parisiennes /
|c Alphonse Daudet.
|
| 260 |
|
|
|a Paris :
|b G. Charpentier,
|c 1884.
|
| 300 |
|
|
|a 337 σ. ;
|c 18 εκ.
|
| 500 |
|
|
|a
|
| 942 |
|
|
|2 ddc
|c BK15
|
| 998 |
|
|
|c ΜΠΟΥΡΑΣ
|d 2018-03
|